Anuario '94 : (Record no. 96463)
[ view plain ]
| 000 -CABECERA | |
|---|---|
| campo de control de longitud fija | 00638nam a2200205 a 4500 |
| 005 - FECHA Y HORA DE LA ÚLTIMA TRANSACCIÓN | |
| campo de control | 20250905063955.0 |
| 008 - ELEMENTOS DE LONGITUD FIJA--INFORMACIÓN GENERAL | |
| campo de control de longitud fija | 030516s1996 mx r 000 0 spa d |
| 020 ## - NÚMERO INTERNACIONAL NORMALIZADO PARA LIBROS | |
| Número Internacional Estándar del Libro | 9688431443 |
| 035 ## - NÚMERO DE CONTROL DEL SISTEMA | |
| Número de control de sistema | UPN01000124284 |
| 049 ## - COLECCIÓN | |
| Colección | CE |
| 050 #4 - SIGNATURA TOPOGRÁFICA DE LA BIBLIOTECA DEL CONGRESO | |
| Número de clasificación | H85 |
| Número de documento/Ítem | A5.8 |
| 245 00 - MENCIÓN DE TÍTULO | |
| Título | Anuario '94 : |
| Resto del título | estudios sociales / |
| Mención de responsabilidad, etc. | Luis Fuentes Aguilar ... [et al.]. |
| 260 ## - PUBLICACIÓN, DISTRIBUCIÓN, ETC. | |
| Lugar de publicación, distribución, etc. | Puebla : |
| Nombre del editor, distribuidor, etc. | El Colegio de Puebla : |
| -- | Claves Latinoamericanas, |
| Fecha de publicación, distribución, etc. | 1996. |
| 300 ## - DESCRIPCIÓN FÍSICA | |
| Extensión | 364 p. |
| 650 #4 - ASIENTO SECUNDARIO DE MATERIA - TERMINO TEMATICO | |
| Término de materia o nombre geográfico como elemento de entrada | Ciencias sociales |
| Subdivisión general | Investigación |
| 9 (RLIN) | 7497 |
| 650 #2 - ASIENTO SECUNDARIO DE MATERIA - TERMINO TEMATICO | |
| Término de materia o nombre geográfico como elemento de entrada | Estudios sociales |
| 9 (RLIN) | 19652 |
| 650 #4 - ASIENTO SECUNDARIO DE MATERIA - TERMINO TEMATICO | |
| Término de materia o nombre geográfico como elemento de entrada | Ciencias sociales |
| 9 (RLIN) | 9133 |
| 700 1# - ASIENTO SECUNDARIO--NOMBRE DE PERSONAL | |
| Nombre de persona | Fuentes Aguilar, Luis, |
| Término indicativo de función/relación | coaut. |
| 905 ## - TIPO DE MATERIAL | |
| Tipo de material | Libro |
| Estado de retiro | Estado de pérdida | Fuente del sistema de clasificación o colocación | Estado dañado | No para préstamo | Código de colección | Localización permanente | Ubicación/localización actual | Ubicación en estantería | Total de préstamos | Clasificación | Código de barras | Fecha visto por última vez | Número de copia | Tipo de ítem Koha |
|---|---|---|---|---|---|---|---|---|---|---|---|---|---|---|
| Library of Congress Classification | Colección General | Bib. Gregorio Torres Quintero | Bib. Gregorio Torres Quintero | Planta baja | H85 A5.8 | 208034 | 31/12/2020 | 1 | Libro |
